000 01263nam a2200277Ia 4500
003 OSt
005 20220923211103.0
006 a|||||r|||| 00| 0
007 ta
008 220922b |||||||| |||| 00| 0 hin d
020 _a8179170438 (hbk)
_c525
024 _a245,606
037 _b379, 11/02/2011, Swaraj Prakashan
_cTextual
040 _aARTS
_cARTS
_bhin
041 _2hin
_ahin
082 _aY592.2, 152P4
100 _aजायसवाल, सुवीरा; आदित्यनारायण सिंह, अनु.
_9158060
245 0 _aवर्णजाति व्यवस्था* उद्भव, प्रकाशर्् और रूपांतरण
246 _aVarṇajāti vyavasthā: udbhava, prakāshar aur rūpāantaraṇa
260 _aदिल्ली
_b ग्रंथ शिल्पी
_c2004
300 _a264पृ.
_ccm.
490 _aभारत की सामाजिक संरचना दो
650 _aभारतीय-लोक साहित्य
_9158061
942 _hY592.2, 152P4
_cTEXL
_2CC
999 _c295060
_d295060